| 000 | 00659nam a2200217 a 4500 | ||
|---|---|---|---|
| 005 | 20140310183454.0 | ||
| 008 | 090804s19uu xx 00 eng d | ||
| 020 | _a1412905753 | ||
| 050 |
_aHF 5549.5.C53 _b.H86 2007 |
||
| 100 | _aHunt, James M. | ||
| 245 |
_aThe coaching organization : _ba strategy for developing leaders / _cJames M. Hunt |
||
| 260 |
_aThousand Oaks : _bSage Publications, _c2007. |
||
| 300 |
_a252 p. : _bill. ; _c24 cm. |
||
| 521 | _aBSBA | ||
| 650 | _aEmployees, Coaching of. | ||
| 650 | _aExecutive coaching. | ||
| 650 | _aOrganizational learning. | ||
| 700 | _aWeintraub, Joseph R. | ||
| 942 |
_cBK _2lcc _kFOR |
||
| 999 |
_c23550 _d23550 |
||